Normal view
MARC view
Entry Personal Name
001 - CONTROL NUMBER
- control field: 40911
003 - CONTROL NUMBER IDENTIFIER
- control field: ARRUPE
005 - DATE AND TIME OF LATEST TRANSACTION
- control field: 20180323095419.0
008 - FIXED-LENGTH DATA ELEMENTS
- fixed length control field: 180323|| aca||aabn | a|a d
040 ## - CATALOGING SOURCE
- Original cataloging agency: ARRUPE
- Transcribing agency: ARRUPE
100 ## - HEADING--PERSONAL NAME
- Personal name: Bigot, Alfred tr.
670 ## - SOURCE DATA FOUND
- Source citation: Work cat.: (ARRUPE): Elwin, Verrier 40907, Maisons des jeunes chez les Muria, 1959